书目信息 |
| 题名: |
裴正学医学讲座集
|
|
| 作者: | 裴正学 著 | |
| 分册: | ||
| 出版信息: | 兰州 甘肃科学技术出版社 2017.12 |
|
| 页数: | 285页 | |
| 开本: | 21cm | |
| 丛书名: | ||
| 单 册: | ||
| 中图分类: | R2-031 | |
| 科图分类: | ||
| 主题词: | 中西医结合--文集 | |
| 电子资源: | ||
| ISBN: | 978-7-5424-2559-1 | |
| 000 | 00793nam0 2200229 450 | |
| 001 | 0103152706 | |
| 005 | 20201103152733.0 | |
| 010 | @a978-7-5424-2559-1@b精装@dCNY69.00 | |
| 100 | @a20190226e20182017em y0chiy50 ea | |
| 101 | 0 | @achi |
| 102 | @aCN@b620000 | |
| 105 | @aa z 000yy | |
| 106 | @ar | |
| 200 | 1 | @a裴正学医学讲座集@Apei zheng xue yi xue jiang zuo ji@f裴正学著 |
| 210 | @a兰州@c甘肃科学技术出版社@d2017.12@h2018.01 | |
| 215 | @a285页@c彩照@d21cm | |
| 330 | @a本书是裴正学教授从医50余年的学术思想精髓。全书分为学术思想、专题讲座、弟子反馈三篇,收录了《试论中西医结合》《试论中医现代化》《论健脾补肾法》等文章。 | |
| 606 | 0 | @a中西医结合@j文集 |
| 690 | @aR2-031@v5 | |
| 701 | 0 | @a裴正学@Apei zheng xue@4著 |
| 801 | 0 | @aCN@bBJSZM@c20201103 |
| 905 | @b1258491-5@dR2-031@e538@f5 | |
| 裴正学医学讲座集/裴正学著.-兰州:甘肃科学技术出版社,2017.12(2018.01) |
| 285页:彩照;21cm |
| ISBN 978-7-5424-2559-1(精装):CNY69.00 |
| 本书是裴正学教授从医50余年的学术思想精髓。全书分为学术思想、专题讲座、弟子反馈三篇,收录了《试论中西医结合》《试论中医现代化》《论健脾补肾法》等文章。 |
| ● |
| 相关链接 |
|
|
|
|
正题名:裴正学医学讲座集
索取号:R2-031/538
 
预约/预借
| 序号 | 登录号 | 条形码 | 馆藏地/架位号 | 状态 | 备注 |
| 1 | 1258491 | 212584915 | 第二样本阅览室/ [索取号:R2-031/538] | 在馆 | |
| 2 | 1258492 | 212584924 | 教育系资料室/ [索取号:R2-031/538] | 在馆 | |
| 3 | 1258493 | 212584933 | 教育系资料室/ [索取号:R2-031/538] | 在馆 | |
| 4 | 1258494 | 212584942 | 第三借阅区/ [索取号:R2-031/538] | 在馆 | |
| 5 | 1258495 | 212584951 | 第三借阅区/ [索取号:R2-031/538] | 在馆 |